Statistiques concernant Mots en Anglais

Cliquez ici pour prendre le quiz!

Statistiques générales

  • Ce quiz a été pris 699 fois
  • Le résultat moyen est 13 sur 16

Statistiques - réponses

HintRéponse% Correct
chaudhot
96%
chevalhorse
95%
lumièrelight
93%
tabletable
93%
combatfight
91%
grand pèregrand father
91%
ordinateurcomputer
90%
bouteillebottle
88%
painbread
88%
fantômeghost
85%
droitright
83%
grenouillefrog
76%
colleglue
75%
tableauboard
56%
bolbowl
50%
paillestraw
27%

Distribution des résultats

Percentile par nombre de réponses

% des personnes avec chaque résultat

Votre développement - résultats

Vous n’avez pas pris ce quiz